Právnická osoba a štát môžu dediť iba zo závetu

Vznik dedičského práva. Práva, ktoré nie sú predmetom dedičstva. Subjekty dedičského práva. Delenie zo závetu. Spísanie závetu. Ktoré nemôže byť svedkom. Obsah závetu. Neopomenutí dedičia. Neplatnosť a zrušenie závetu.

Gespeichert in:
Bibliographische Detailangaben
1. Verfasser: Roháč, J.
Format: Buchkapitel
Sprache:Slowakisch
Schlagworte:
Tags: Tag hinzufügen
Keine Tags, Fügen Sie das erste Tag hinzu!

MARC

LEADER 00000naa a2200000 4500
001 r023461
005 20230921075821.6
041 0 |a slo 
044 |a SK 
245 1 0 |a Právnická osoba a štát môžu dediť iba zo závetu  |c J. Roháč 
520 |a Vznik dedičského práva. Práva, ktoré nie sú predmetom dedičstva. Subjekty dedičského práva. Delenie zo závetu. Spísanie závetu. Ktoré nemôže byť svedkom. Obsah závetu. Neopomenutí dedičia. Neplatnosť a zrušenie závetu. 
610 2 0 |a právo dedičské 
610 2 0 |a osoby právnické 
610 2 0 |a štát 
100 1 |a Roháč, J.